| 000 | 01010cab a2200241 4500 | ||
|---|---|---|---|
| 001 | X3485 | ||
| 008 | 090401t1996 xxu||||| |||| 00| 0 eng d | ||
| 035 | _a(Sirsi) u30792 | ||
| 041 | _aeng | ||
| 245 | _aMaidstone BC v SoS Environment and Kent CC | ||
| 260 | _c1996 | ||
| 350 | _a0 | ||
| 490 |
_aJournal of Planning and Environment Law _v[1996] JPL 563-573(11) |
||
| 520 | _aCA 7 July 1995. S.21 Land Compensation Act 1961 - Certificate of Appropriate Alternative Development - open space - allotment land - whether potential public open space a meterial consideration - hypothesis that owner of land is willing to sell - development potential of the land. (HEADNOTE FROM JOURNAL). | ||
| 650 | _aCERTIFICATE OF APPROPRIATE ALTERNATIVE DEVELOPMENT | ||
| 650 | _aLAND COMPENSATION ACT 1961 S21 | ||
| 650 | _aMAIDSTONE BC V SOS ENVIRONMENT AND KENT CC | ||
| 650 | _aOPEN SPACE | ||
| 650 | _aPLANNING PERMISSION | ||
| 690 | _aPLANNING LAW AND PRACTICE-CASE LAW | ||
| 942 | _n0 | ||
| 948 | _c04/03/1997 | ||
| 999 |
_c20751 _d20751 |
||